L'Amérique - de A à Z - Statistiques

Statistiques générales
  • Ce quiz a été pris 2 780 fois
  • Le résultat moyen est 17 sur 25
Statistiques - réponses
Lettres Questions Réponses % Correct
J Bob Marley est né dans ce pays. Jamaïque
94%
D Le Groenland est un territoire de ce pays. Danemark
93%
E Cette "ligne imaginaire" traverse trois pays en Amérique du Sud. Équateur.
92%
G Territoire Français située en Amérique du sud. Guyane
90%
A Plus grand fleuve d’Amérique. Amazone
88%
H Sa capitale est Tegucigalpa. Honduras
86%
C Le nom de ce pays fait référence à un célèbre navigateur Européen. Colombie
85%
N Las Vegas est située dans cette État. Nevada
85%
K La célèbre franchise de fast-food KFC est né dans cet état des États-Unis. Kentucky
84%
I Civilisation précolombienne du groupe andin qui prend naissance au début du XIIIe siècle dans le bassin de Cuzco situé dans l'actuel Pérou. Inca
83%
U Edinson Cavani et Luis Suarez sont des joueurs de Football de ce pays. Uruguay
78%
V Sa capitale est Caracas. Venezuela
78%
W La maison blanche est située dans cette ville. Washington D.C
78%
P Pays situé entre le Costa Rica et la Colombie. Panama
77%
Z Nombre de pays ayant l'Italien comme langue officielle. Zéro
66%
F Elle est la plus grande du monde et connue pour sa biodiversité. Foret Amazonienne
61%
Q Capitale située à 2800 mètres d'altitude. Quito
61%
R Plus petit état des États-Unis en terme de superficie. Rhode Island
56%
O Ottawa se trouve dans cette province du Canada. Ontario
54%
Y Historiquement "habitants du nord-est des États-Unis" ou encore nom donné à la franchise de Baseball de New-York. Yankees
51%
S Ville comptant environ 36 millions d'habitants. Sao Paulo
50%
M Détroit situé au sud du Chili en Patagonie. Il sépare, du côté nord, le continent sud-américain, et du côté sud, la grande île de la Terre de Feu. Magellan
46%
T les nachos, les tacos, les fajitas ou les quesadillas sont des plats emblématiques de cette cuisine. Tex-Mex
27%
L Nom d'une célèbre chanteuse Pop-Rock interprète de "Sk8er Boi" est né au Canada. Avril Lavigne
26%
B Les habitants de cette ville sont appelés « Portègnes » Buenos Aires
23%
Aucun quiz correspondant
Distribution des résultats
% des personnes avec chaque résultat
Percentile par nombre de réponses
Votre historique - résultats
Vous n’avez pas pris ce quiz